000 00900nam a2200289Ia 4500
003 OSt
005 20221005081906.0
006 a|||||r|||| 00| 0
007 ta
008 221004b |||||||| |||| 00| 0 eng d
020 _a8178292130
_c320
024 _a82959
037 _b1545, 30/03/2005, P.T. Book International
_cTextual
040 _aCRL
_cCRL
_beng
041 _2eng
_aeng
082 _aL54:423:5, P3
100 _aSinghal Arvind
245 0 _aCombating AIDS
_b Communication strategies in action
260 _aNew Delhi
_bSage Publications India
_c2003
300 _a425p.
_ccm.
650 _a COMMUNICATION
650 _a MEDICINE
650 _aAIDS (DISEASE)
_9602995
700 _a Rogers Everett M.
_9131799
942 _hL54:423:5, P3
_cTEXL
_2cc
999 _c988423
_d988423